000 00515nam a2200181 4500
999 _c196560
_d196560
005 20230818143053.0
010 _aENG-137416
020 _a8187891947
_c350.00
035 _aEN-120948
037 _bDBAD/PUB
082 _a954.083
100 _qPalit,Chittabrata
245 _aRevolt Studies:
_cby Chittabrata Palit
_bVol.III
260 _aKolkata
_bTandrita Chandra
_c2010
270 _a59/5A Garfa Main Road
_bKolkata
_e700075
300 _a160p.
_c22cm(pbk)
942 _2ddc
_cEN
_h954.083
_mPAL